000 00523nam a2200181Ia 4500
008 090124s9999 xx 000 0 und d
082 _b20539
100 _aआपटे हरि नारायण
245 _a सती पिंगला
250 _a2
260 _c1964
300 _a73
600 _aआपटे हरि नारायण
630 _a सती पिंगला
700 _aआपटे हरि नारायण
730 _a सती पिंगला
942 _cBOOK
999 _c134344
_d134344